खेल मनोविज्ञान / (Record no. 39996)
[ view plain ]
| 000 -LEADER | |
|---|---|
| fixed length control field | 01154nam a22002537a 4500 |
| 005 - DATE AND TIME OF LATEST TRANSACTION | |
| control field | 20100807114138.0 |
| 010 ## - LCCN (DPL NO) | |
| LC control number | HIN-90043 |
| 020 ## - INTERNATIONAL STANDARD BOOK NUMBER | |
| Terms of availability | 595.00 |
| International Standard Book Number | 9788178795720 |
| 035 ## - SYSTEM CONTROL NUMBER | |
| System control number | HN-62389 |
| 037 ## - SOURCE OF ACQUISITION | |
| Source of stock number/acquisition | DBAD / PUB |
| 082 ## - DEWEY DECIMAL CLASSIFICATION NUMBER | |
| Classification number | 796.01 |
| 100 ## - MAIN ENTRY--PERSONAL NAME | |
| Personal name | दूबे, एल.एन. |
| 245 ## - TITLE STATEMENT | |
| Title | खेल मनोविज्ञान / |
| Statement of responsibility, etc | एल.एन. दूबे |
| 246 ## - VARYING FORM OF TITLE | |
| Title proper/short title | Khel Manovigyan |
| Remainder of title | by L.N. Dubey |
| 260 ## - PUBLICATION, DISTRIBUTION, ETC. (IMPRINT) | |
| Place of publication, distribution, etc | नई दिल्ली |
| Name of publisher, distributor, etc | स्पोर्टस पब्लिकेशन्स |
| Date of publication, distribution, etc | 2010 |
| 270 ## - ADDRESS | |
| Address | 7/26, ग्राउण्ड फ्लोर, अंसारी रोड़, दरियागंज |
| City | नई दिल्ली |
| Telephone number | 011-65749511, 9868028838 |
| Electronic mail address | lakshaythani@hotmail.com |
| Postal code | 110002 |
| Fax number | 011-23240261 |
| 300 ## - PHYSICAL DESCRIPTION | |
| Extent | 323पृ |
| Dimensions | 22सेमी (सजिल्द) |
| 500 ## - GENERAL NOTE | |
| General note | परिशिष्ट |
| 700 ## - ADDED ENTRY--PERSONAL NAME | |
| 9 (RLIN) | 7228 |
| 700 ## - ADDED ENTRY--PERSONAL NAME | |
| 9 (RLIN) | 7267 |
| 700 ## - ADDED ENTRY--PERSONAL NAME | |
| 9 (RLIN) | 7698 |
| 942 ## - ADDED ENTRY ELEMENTS (KOHA) | |
| Institution code [OBSOLETE] | dpl |
| Item type | Hindi Books |
| Call number prefix | |
| Source of classification or shelving scheme | Dewey Decimal Classification |
| Call number suffix | दुबेए |
| Classification part | 796.01 |
| Withdrawn status | Lost status | Not for loan | Collection code | Home library | Current library | Date acquired | Source of acquisition | Cost, normal purchase price | Full call number | Barcode | Copy number | Cost, replacement price | Koha item type |
|---|---|---|---|---|---|---|---|---|---|---|---|---|---|
| Not For Loan | Non-fiction | D.B.Act.Division | D.B.Act.Division | 07/08/2010 | DBAD/PUB | 595.00 | 796.01 दुबेए | HN-62389 | 1 | 595.00 | Hindi Books |
